000 00284nam a2200109Ia 4500
008 190914s9999||||xx |||||||||||||| ||und||
100 _aMark Allen Weiss
245 0 _aData Structures and Algorithm Analysis in C + +
260 _aUSA
_bMcGraw Hill
_c1998
300 _a1180
942 _cBK
999 _c8429
_d8429